000 00357nab a22001097u 4500
008 130520b1988 xxu||||| |||| 00| 0 spa d
041 _aspa
100 1 _aYarbro Collins, Adela
_952446
245 0 0 _aRoma como símbolo del mal en el cristianismo primitivo
_cAdela Yarbro Collins
773 0 _tConcilium
_gV.2,1988,págs.417-427
_x0210-1041
_wRev134
942 _cAR
999 _c355438
_d355438